• 首页
  • 本馆介绍
  • 公告通知
  • 最新文献
  • 馆藏检索
  • 电子资源
  • 读者导购
  • 参考咨询
  • 我的图书馆
  • 登录
  • 详细信息显示
  • 放入我的书架
  • 预约/预借图书
  • 作者相关作品
  • 分类相关作品
  • 丛书相关作品
  • 出版社相关作品

书目信息

  • 表格格式
  • 工作单格式
  • 卡片格式
题名:
少年儿童电子琴高级教程
    
 
作者: 万宝柱 , 万晓乐 编著
分册:  
出版信息: 北京   北京体育大学出版社  1990.05
页数: 128页
开本: 26cm
丛书名:
单 册:
中图分类: J628.1
科图分类:
主题词: 器乐--理论 , 器乐--奏法 , 器乐--演奏
电子资源:
ISBN: 7-81003-167-8
000 00816nam0 2200241 45
001 0405131593
005 20040513154319.4
010    @a7-81003-167-8@dCNY5.30
100    @a20040513d1990 km y0chiy0120 ea
101 0  @achi
105    @a z 000yy
200 1  @a少年儿童电子琴高级教程@AShao Nian Er Tong Dian Zi Qin Gao Ji Jiao Cheng@e中外通俗名曲四十首@EZhong Wai Tong Su Ming Qu Si Shi Shou@f万宝柱,万晓乐编著@FWan Bao Zhu,Wan Xiao Yue Bian Zhu
210    @a北京@c北京体育大学出版社@d1990.05
215    @a128页@d26cm
517    @a中外通俗名曲四十首@AZhong Wai Tong Su Ming Qu Si Shi Shou
606 0  @a器乐@x理论
606 0  @a器乐@x奏法
606 0  @a器乐@x演奏
690    @aJ628.1@v3
701  0 @a万宝柱@4编著
701  0 @a万晓乐@4编著
801    @aCN@bPftUser@c20040513
905    @f1@b259053@dJ628.1@e52:3
    
    少年儿童电子琴高级教程:中外通俗名曲四十首/万宝柱,万晓乐编著.-北京:北京体育大学出版社,1990.05
    128页;26cm
    
    
    ISBN 7-81003-167-8:CNY5.30
    
●
相关链接 在E读中查询图书 在五车中查询图书 在当当中查询图书 在豆瓣中查询图书


正题名:少年儿童电子琴高级教程     索取号:J628.1/52:3         预约/预借

序号 登录号 条形码 馆藏地/架位号 状态 备注
1 0259053   001204538   第一借阅区/ [索取号:J628.1/52:3] 在馆    
唐山师范学院图书馆 欢迎您!
大连网信软件有限公司© 版权所有